| 000 | 00551nam a2200193 a 4500 | ||
|---|---|---|---|
| 001 | 3103 | ||
| 005 | 20140414131907.0 | ||
| 008 | 060201s19uu xx 00 eng d | ||
| 020 | _a0-89081-616-6 | ||
| 050 |
_aER _bB39 1988 |
||
| 100 | _aBoone, Debby | ||
| 245 |
_aBedtime hugs for little ones / _cDebby Boone ; illustrated by Gabriel Ferrer. |
||
| 260 |
_aOregon : _bHarvest House, _c1988. |
||
| 300 | _ap. : ill. ; cm. | ||
| 650 | _aChildren's stories, American. | ||
| 650 |
_aBedtime _xFiction. |
||
| 650 | _aShort stories. | ||
| 999 |
_c111014 _d111014 |
||